[Event "DVM U20 2019"]
[Site "Braunschweig"]
[Date "2019.12.27"]
[Round "2"]
[White "Biastoch, Bennet"]
[Black "Engel, Robert"]
[Result "1-0"]
[WhiteElo "2242"]
[BlackElo "2075"]
[Annotator "NA"]
[PlyCount "57"]
[EventDate "2019.12.27"]
[EventType "team-tourn"]
[EventRounds "7"]
[EventCountry "GER"]
[SourceTitle "playchess.com"]
[Source "ChessBase"]
[SourceQuality "1"]
[WhiteTeam "SG Aufbau Elbe Magdeburg"]
[BlackTeam "Hamburger SK"]
[TimeControl "40/5400+30:1800+30"]

1. e4 {[%emt 0:00:00]} c5 {[%emt 0:00:00]} 2. Nf3 {[%emt 0:00:00]} d6 {[%emt 0:00:00]} 3. d4 {[%emt 0:00:00]} cxd4 {[%emt 0:00:00]} 4. Nxd4 {[%emt 0:00:00]} Nf6 {[%emt 0:00:00]} 5. Nc3 {[%emt 0:00:11]} a6 {[%emt 0:00:00]} 6. h3 {[%emt 0:00:22]} e6 {[%emt 0:00:03]} 7. g4 {[%emt 0:00:59]} Be7 {[%emt 0:00:09]} 8. Be3 {[%emt 0:01:43]} Nfd7 {[%emt 0:03:49]} 9. Bg2 {[%emt 0:10:46]} Nc6 {[%emt 0:01:02]} 10. Qe2 {[%emt 0:03:42]} Qc7 {[%emt 0:11:27]} 11. O-O {[%emt 0:10:30]} O-O {[%emt 0:08:23]} 12. Rad1 {[%emt 0:10:53]} Nxd4 {[%emt 0:09:02]} 13. Bxd4 {[%emt 0:00:22]} b5 {[%emt 0:01:28]} 14. e5 {[%emt 0:10:34]} Rb8 {[%emt 0:03:52]} 15. exd6 {[%emt 0:03:57]} Bxd6 {[%emt 0:00:16]} 16. Ne4 {[%emt 0:00:50]} Be7 {[%emt 0:00:41]} 17. Rd3 {[%emt 0:02:13]} Bb7 {[%emt 0:05:58]} 18. Rfd1 {[%emt 0:02:38]} Bd5 {[%emt 0:07:35]} 19. b3 {[%emt 0:06:44]} b4 {[%emt 0:01:42]} 20. c4 {[%emt 0:08:04]} bxc3 {[%emt 0:04:06]} 21. Nxc3 {[%emt 0:00:28]} Bxg2 {[%emt 0:01:19]} 22. Kxg2 {[%emt 0:00:07]} Nc5 {[%emt 0:06:23]} 23. Bxc5 {[%emt 0:02:26]} Bxc5 {[%emt 0:00:32]} 24. Rd7 {[%emt 0:01:07]} Qf4 {[%emt 0:02:35]} 25. R1d3 {[%emt 0:05:04]} Bb6 {[%emt 0:04:17]} 26. Rf3 {[%emt 0:01:34]} Qb4 {[%emt 0:03:26]} 27. Qxa6 {[%emt 0:01:29]} h5 {[%emt 0:06:23]} 28. Qa4 {[%emt 0:06:39]} Qc5 {[%emt 0:01:19]} 29. Qf4 {[%emt 0:00:44] normal} 1-0

[Event "DVM U20 2019"]
[Site "Braunschweig"]
[Date "2019.12.27"]
[Round "2"]
[White "Holinka, Henning"]
[Black "Sieber, Fiona"]
[Result "1-0"]
[WhiteElo "2233"]
[BlackElo "2277"]
[Annotator "NA"]
[PlyCount "109"]
[EventDate "2019.12.27"]
[EventType "team-tourn"]
[EventRounds "7"]
[EventCountry "GER"]
[SourceTitle "playchess.com"]
[Source "ChessBase"]
[SourceQuality "1"]
[WhiteTeam "Hamburger SK"]
[BlackTeam "SG Aufbau Elbe Magdeburg"]
[TimeControl "40/5400+30:1800+30"]

1. e4 {[%emt 0:00:00]} c5 {[%emt 0:00:00]} 2. Nf3 {[%emt 0:00:00]} d6 {[%emt 0:00:00]} 3. d4 {[%emt 0:00:00]} cxd4 {[%emt 0:00:00]} 4. Nxd4 {[%emt 0:00:00]} Nf6 {[%emt 0:00:00]} 5. Nc3 {[%emt 0:00:06]} Nc6 {[%emt 0:00:00]} 6. Nb3 {[%emt 0:12:34]} e6 {[%emt 0:02:54]} 7. Bd3 {[%emt 0:03:12]} Be7 {[%emt 0:01:05]} 8. O-O {[%emt 0:02:26]} O-O {[%emt 0:00:58]} 9. Be3 {[%emt 0:06:28]} a6 {[%emt 0:25:55]} 10. f4 {[%emt 0:05:21]} b5 {[%emt 0:01:08]} 11. a3 {[%emt 0:03:32]} Bb7 {[%emt 0:01:27]} 12. g4 {[%emt 0:06:15]} Re8 {[%emt 0:01:25]} 13. g5 {[%emt 0:10:13]} Nd7 {[%emt 0:00:05]} 14. h4 {[%emt 0:02:11]} Bf8 {[%emt 0:03:51]} 15. Qg4 {[%emt 0:06:01]} Nb6 {[%emt 0:08:49]} 16. Rae1 {[%emt 0:09:35]} d5 {[%emt 0:10:11]} 17. Bc1 {[%emt 0:08:48]} dxe4 {[%emt 0:07:43]} 18. Nxe4 {[%emt 0:01:13]} Nd5 {[%emt 0:00:21]} 19. Kh2 {[%emt 0:04:39]} Qb6 {[%emt 0:01:37]} 20. h5 {[%emt 0:01:47]} Rad8 {[%emt 0:02:31]} 21. g6 {[%emt 0:02:58]} fxg6 {[%emt 0:06:53]} 22. hxg6 {[%emt 0:00:54]} h6 {[%emt 0:00:12]} 23. c4 {[%emt 0:04:50]} bxc4 {[%emt 0:03:17]} 24. Bxc4 {[%emt 0:00:08]} a5 {[%emt 0:03:49]} 25. Nc3 {[%emt 0:04:10]} Bc8 {[%emt 0:04:30]} 26. Qf3 {[%emt 0:01:54]} Nxc3 {[%emt 0:00:59]} 27. Qxc3 {[%emt 0:00:27]} Qc7 {[%emt 0:05:01]} 28. Be3 {[%emt 0:01:44]} Qe7 {[%emt 0:02:27]} 29. Bc5 {[%emt 0:01:35]} Qh4+ {[%emt 0:00:35]} 30. Qh3 {[%emt 0:00:10]} Qf6 {[%emt 0:00:22]} 31. Bxf8 {[%emt 0:00:40]} Qxb2+ {[%emt 0:01:45]} 32. Re2 {[%emt 0:00:15]} Qf6 {[%emt 0:01:32]} 33. Bc5 {[%emt 0:00:25]} a4 {[%emt 0:00:28]} 34. Nd2 {[%emt 0:00:45]} Nd4 {[%emt 0:00:44]} 35. Ne4 {[%emt 0:00:32]} Qxg6 {[%emt 0:00:30]} 36. f5 {[%emt 0:00:32]} Qf7 {[%emt 0:00:59]} 37. Rg2 {[%emt 0:00:30]} Bb7 {[%emt 0:01:17]} 38. f6 {[%emt 0:01:03]} g6 {[%emt 0:01:29]} 39. Nd6 {[%emt 0:00:42]} Rxd6 {[%emt 0:00:01]} 40. Bxd6 {[%emt 0:00:24]} Bxg2 {[%emt 0:00:02]} 41. Qxg2 {[%emt 0:30:57]} Kh7 {[%emt 0:05:13]} 42. Qe4 {[%emt 0:00:00]} Nf5 {[%emt 0:04:52]} 43. Be5 {[%emt 0:00:00]} Rd8 {[%emt 0:01:03]} 44. Rb1 {[%emt 0:00:00]} Rd2+ {[%emt 0:04:54]} 45. Kh3 {[%emt 0:00:00]} Rd7 {[%emt 0:01:15]} 46. Rb8 {[%emt 0:00:00]} g5 {[%emt 0:04:07]} 47. Kg4 {[%emt 0:00:00]} Kg6 {[%emt 0:03:12]} 48. Qa8 {[%emt 0:00:04]} h5+ {[%emt 0:03:29]} 49. Kf3 {[%emt 0:00:22]} g4+ {[%emt 0:00:13]} 50. Kf2 {[%emt 0:00:53]} g3+ {[%emt 0:03:12]} 51. Ke1 {[%emt 0:02:11]} Nh6 {[%emt 0:05:25]} 52. Rf8 {[%emt 0:00:43]} Ra7 {[%emt 0:01:13]} 53. Qe4+ {[%emt 0:00:46]} Nf5 {[%emt 0:00:05]} 54. Rxf7 {[%emt 0:00:00]} Kxf7 {[%emt 0:00:06]} 55. Qxf5 {[%emt 0:00:01] normal} 1-0

[Event "DVM U20 2019"]
[Site "Braunschweig"]
[Date "2019.12.27"]
[Round "2"]
[White "Joeres, Stefan"]
[Black "Stelmaszyk, Nico"]
[Result "0-1"]
[WhiteElo "2201"]
[BlackElo "2194"]
[Annotator "NA"]
[PlyCount "96"]
[EventDate "2019.12.27"]
[EventType "team-tourn"]
[EventRounds "7"]
[EventCountry "GER"]
[SourceTitle "playchess.com"]
[Source "ChessBase"]
[SourceQuality "1"]
[WhiteTeam "Karlsruher SF"]
[BlackTeam "SK Lehrte 1919"]
[TimeControl "40/5400+30:1800+30"]

1. e4 {[%emt 0:00:00]} c5 {[%emt 0:00:00]} 2. Nf3 {[%emt 0:00:00]} e6 {[%emt 0:00:00]} 3. d4 {[%emt 0:00:00]} cxd4 {[%emt 0:00:00]} 4. Nxd4 Nc6 {[%emt 0:00:00]} 5. Nc3 {[%emt 0:00:00]} Nf6 {[%emt 0:00:00]} 6. Ndb5 {[%emt 0:00:41]} d6 {[%emt 0:00:01]} 7. Bf4 {[%emt 0:00:11]} e5 {[%emt 0:00:06]} 8. Bg5 {[%emt 0:00:08]} a6 {[%emt 0:00:06]} 9. Na3 {[%emt 0:00:01]} b5 {[%emt 0:00:07]} 10. Bxf6 {[%emt 0:00:01]} gxf6 {[%emt 0:00:09]} 11. Nd5 {[%emt 0:01:37]} Bg7 12. c3 {[%emt 0:00:03]} f5 {[%emt 0:01:32]} 13. exf5 {[%emt 0:00:01]} Bxf5 {[%emt 0:01:28]} 14. Nc2 {[%emt 0:01:57]} O-O {[%emt 0:02:38]} 15. Nce3 {[%emt 0:00:41]} Be6 16. Bd3 {[%emt 0:00:09]} f5 {[%emt 0:03:57]} 17. O-O {[%emt 0:00:13]} e4 {[%emt 0:15:43]} 18. Nf4 {[%emt 0:00:02]} Bf7 {[%emt 0:04:09]} 19. Bc2 {[%emt 0:00:30]} Be5 {[%emt 0:04:59]} 20. Nfd5 f4 21. Qg4+ {[%emt 0:05:41]} Bg6 {[%emt 0:31:01]} 22. Bxe4 {[%emt 0:02:06]} fxe3 {[%emt 0:01:46]} 23. Nxe3 Rf4 {[%emt 0:10:03]} 24. Bd5+ {[%emt 0:13:49]} Kh8 {[%emt 0:00:14]} 25. Qe2 {[%emt 0:05:23]} Rc8 {[%emt 0:02:21]} 26. g3 {[%emt 0:01:23]} Rf8 {[%emt 0:00:45]} 27. a4 {[%emt 0:00:41]} Qb6 {[%emt 0:04:56]} 28. axb5 {[%emt 0:03:34]} axb5 {[%emt 0:00:22]} 29. Bg2 {[%emt 0:00:12]} Ne7 {[%emt 0:03:24]} 30. Kh1 {[%emt 0:02:17]} b4 {[%emt 0:03:10]} 31. Ng4 {[%emt 0:08:22]} Bh5 {[%emt 0:03:29]} 32. Bf3 {[%emt 0:00:55]} bxc3 {[%emt 0:05:52]} 33. Nxe5 {[%emt 0:00:49]} Bxf3+ {[%emt 0:01:26]} 34. Nxf3 {[%emt 0:00:17]} cxb2 {[%emt 0:00:32]} 35. Rae1 {[%emt 0:02:58]} Qb7 {[%emt 0:02:18]} 36. Qxe7 {[%emt 0:01:26]} b1=Q {[%emt 0:00:32]} 37. Qxf8+ {[%emt 0:02:13]} Rxf8 {[%emt 0:00:07]} 38. Rxb1 {[%emt 0:00:06]} Qxf3+ {[%emt 0:00:06]} 39. Kg1 {[%emt 0:00:04]} d5 {[%emt 0:00:23]} 40. Rbd1 {[%emt 0:00:06]} h5 {[%emt 0:00:20]} 41. h4 {[%emt 0:30:46]} Re8 {[%emt 0:31:56]} 42. Rd4 {[%emt 0:00:14]} Re2 {[%emt 0:00:26]} 43. Rf4 {[%emt 0:00:04]} Qc3 {[%emt 0:00:18]} 44. Rf5 {[%emt 0:00:01]} Re5 {[%emt 0:00:00]} 45. Rf8+ {[%emt 0:00:00]} Kg7 {[%emt 0:00:00]} 46. Rd8 {[%emt 0:00:00]} Re1 {[%emt 0:00:00]} 47. Rxd5 {[%emt 0:00:00]} Rxf1+ {[%emt 0:00:00]} 48. Kxf1 {[%emt 0:00:00]} Qc4+ {[%emt 0:00:00] normal} 0-1

[Event "DVM U20 2019"]
[Site "Braunschweig"]
[Date "2019.12.27"]
[Round "2"]
[White "Flüchter, Gregor"]
[Black "McPherson, Elisha"]
[Result "1-0"]
[WhiteElo "2174"]
[BlackElo "1975"]
[Annotator "NA"]
[PlyCount "52"]
[EventDate "2019.12.27"]
[EventType "team-tourn"]
[EventRounds "7"]
[EventCountry "GER"]
[SourceTitle "playchess.com"]
[Source "ChessBase"]
[SourceQuality "1"]
[WhiteTeam "SF Brackel"]
[BlackTeam "SF Augsburg"]
[TimeControl "40/5400+30:1800+30"]

1. e4 {[%emt 0:00:00]} e6 {[%emt 0:00:00]} 2. d4 {[%emt 0:00:00]} d5 {[%emt 0:00:00]} 3. exd5 {[%emt 0:00:00]} exd5 {[%emt 0:00:00]} 4. Nf3 {[%emt 0:00:09]} Bd6 {[%emt 0:00:00]} 5. c4 {[%emt 0:00:07]} Nf6 {[%emt 0:00:00]} 6. Nc3 {[%emt 0:00:08]} O-O {[%emt 0:00:00]} 7. Bd3 {[%emt 0:03:30]} dxc4 {[%emt 0:06:54]} 8. Bxc4 {[%emt 0:00:07]} Nbd7 {[%emt 0:01:56]} 9. O-O {[%emt 0:00:42]} Nb6 {[%emt 0:00:21]} 10. Bb3 {[%emt 0:00:32]} Bg4 {[%emt 0:00:42]} 11. Qd3 {[%emt 0:01:12]} Bh5 {[%emt 0:03:15]} 12. Bg5 {[%emt 0:05:41]} Bg6 {[%emt 0:06:02]} 13. Qd2 {[%emt 0:01:30]} Re8 {[%emt 0:22:26]} 14. Nh4 {[%emt 0:20:45]} Be7 {[%emt 0:25:48]} 15. Nxg6 {[%emt 0:05:51]} hxg6 {[%emt 0:00:02]} 16. Rfe1 {[%emt 0:02:23]} c6 {[%emt 0:06:35]} 17. Re2 {[%emt 0:18:39]} Nfd5 {[%emt 0:02:05]} 18. Rae1 {[%emt 0:02:02]} Bxg5 {[%emt 0:15:39]} 19. Rxe8+ {[%emt 0:00:41]} Qxe8 {[%emt 0:00:02]} 20. Rxe8+ {[%emt 0:00:13]} Rxe8 {[%emt 0:00:02]} 21. Qd1 {[%emt 0:00:52]} Nf4 {[%emt 0:03:56]} 22. g3 {[%emt 0:01:32]} Ne6 {[%emt 0:00:19]} 23. Ne4 {[%emt 0:08:51]} Bf6 {[%emt 0:02:41]} 24. Qg4 {[%emt 0:03:57]} Bxd4 {[%emt 0:01:49]} 25. Nd6 {[%emt 0:00:38]} Rd8 {[%emt 0:01:19] normal} 26. Nxf7 {[%emt 0:00:22]} Nd5 1-0

[Event "DVM U20 2019"]
[Site "Braunschweig"]
[Date "2019.12.27"]
[Round "2"]
[White "Schimnatkowski, Lukas"]
[Black "Schneider, Jana"]
[Result "1/2-1/2"]
[WhiteElo "2157"]
[BlackElo "2210"]
[Annotator "NA"]
[PlyCount "43"]
[EventDate "2019.12.27"]
[EventType "team-tourn"]
[EventRounds "7"]
[EventCountry "GER"]
[SourceTitle "playchess.com"]
[Source "ChessBase"]
[SourceQuality "1"]
[WhiteTeam "SF Essen-Katernberg"]
[BlackTeam "SC Bavaria Regensburg"]
[TimeControl "40/5400+30:1800+30"]

1. e4 {[%emt 0:00:00]} e6 {[%emt 0:00:39]} 2. d4 {[%emt 0:00:00]} d5 {[%emt 0:00:07]} 3. Nd2 {[%emt 0:00:01]} c5 {[%emt 0:00:07]} 4. exd5 {[%emt 0:00:20]} Qxd5 {[%emt 0:00:06]} 5. Ngf3 {[%emt 0:00:11]} cxd4 {[%emt 0:00:36]} 6. Bc4 {[%emt 0:00:18]} Qd6 {[%emt 0:00:00]} 7. O-O {[%emt 0:00:26]} Nf6 {[%emt 0:00:00]} 8. Nb3 {[%emt 0:00:07]} Nc6 {[%emt 0:00:00]} 9. Nbxd4 {[%emt 0:00:07]} Nxd4 {[%emt 0:00:05]} 10. Nxd4 {[%emt 0:00:08]} a6 {[%emt 0:01:15]} 11. Re1 {[%emt 0:02:16]} Qc7 {[%emt 0:00:11]} 12. Bb3 {[%emt 0:00:21]} Bd7 {[%emt 0:00:29]} 13. Bg5 {[%emt 0:09:11]} Bd6 {[%emt 0:02:11]} 14. Bxf6 {[%emt 0:21:49]} gxf6 {[%emt 0:00:54]} 15. Qh5 {[%emt 0:00:45]} O-O-O {[%emt 0:02:01]} 16. Qxf7 {[%emt 0:01:49]} Bxh2+ {[%emt 0:07:46]} 17. Kh1 {[%emt 0:10:18]} Be5 {[%emt 0:01:26]} 18. Nxe6 {[%emt 0:02:26]} Bxe6 {[%emt 0:00:15]} 19. Bxe6+ {[%emt 0:00:29]} Kb8 {[%emt 0:00:15]} 20. Qxc7+ {[%emt 0:01:43]} Kxc7 {[%emt 0:00:09]} 21. Rad1 {[%emt 0:08:21]} Bxb2 {[%emt 0:01:00] normal} 22. Bf5 {[%emt 0:03:09] normal} 1/2-1/2

[Event "DVM U20 2019"]
[Site "Braunschweig"]
[Date "2019.12.27"]
[Round "2"]
[White "Lutz, Ruben"]
[Black "Kololli, Martin"]
[Result "0-1"]
[WhiteElo "2132"]
[BlackElo "2343"]
[Annotator "NA"]
[PlyCount "69"]
[EventDate "2019.12.27"]
[EventType "team-tourn"]
[EventRounds "7"]
[EventCountry "GER"]
[SourceTitle "playchess.com"]
[Source "ChessBase"]
[SourceQuality "1"]
[WhiteTeam "USV TU Dresden"]
[BlackTeam "Lübecker SV"]
[TimeControl "40/5400+30:1800+30"]

1. d4 {[%emt 0:00:00]} Nf6 {[%emt 0:00:00]} 2. Bf4 {[%emt 0:00:00]} e6 {[%emt 0:00:12]} 3. e3 {[%emt 0:00:00]} b6 {[%emt 0:00:33]} 4. Nf3 {[%emt 0:00:28]} Bb7 {[%emt 0:00:07]} 5. Nbd2 {[%emt 0:00:11]} Be7 {[%emt 0:01:09]} 6. Bd3 {[%emt 0:00:25]} Nh5 {[%emt 0:01:31]} 7. Bg3 {[%emt 0:03:01]} d6 {[%emt 0:01:48]} 8. Qe2 {[%emt 0:00:36]} a6 {[%emt 0:01:59]} 9. a4 {[%emt 0:01:36]} Nd7 {[%emt 0:01:25]} 10. O-O {[%emt 0:01:03]} O-O {[%emt 0:01:34]} 11. e4 {[%emt 0:02:17]} e5 {[%emt 0:01:35]} 12. dxe5 {[%emt 0:01:18]} Nxg3 {[%emt 0:00:08]} 13. hxg3 {[%emt 0:00:03]} dxe5 {[%emt 0:00:42]} 14. Nc4 {[%emt 0:06:35]} Bf6 {[%emt 0:01:05]} 15. Rfd1 {[%emt 0:03:24]} g6 {[%emt 0:03:03]} 16. c3 {[%emt 0:02:15]} Qe7 {[%emt 0:00:24]} 17. Bc2 {[%emt 0:03:21]} Bg7 {[%emt 0:02:16]} 18. g4 {[%emt 0:19:03]} Rad8 19. g5 {[%emt 0:13:08]} Nc5 {[%emt 0:07:48]} 20. b4 {[%emt 0:05:33]} Ne6 {[%emt 0:04:48]} 21. Qe3 {[%emt 0:00:06]} Rxd1+ {[%emt 0:02:11]} 22. Rxd1 {[%emt 0:00:29]} Bc8 {[%emt 0:02:33]} 23. g3 {[%emt 0:14:24]} Nd8 {[%emt 0:00:56]} 24. Nh2 {[%emt 0:02:15]} Qe6 {[%emt 0:04:17]} 25. Bb3 {[%emt 0:03:19]} Qe7 {[%emt 0:00:40]} 26. a5 {[%emt 0:04:04]} b5 {[%emt 0:01:06]} 27. Nd2 {[%emt 0:09:20]} Re8 {[%emt 0:05:08]} 28. Ndf1 {[%emt 0:03:32]} Be6 {[%emt 0:02:34]} 29. Bxe6 {[%emt 0:01:02]} Nxe6 {[%emt 0:00:05]} 30. Nf3 {[%emt 0:00:04]} c5 {[%emt 0:00:12]} 31. bxc5 {[%emt 0:01:48]} Nxc5 {[%emt 0:00:15]} 32. Rd5 {[%emt 0:00:37]} Rc8 {[%emt 0:00:19]} 33. N1d2 {[%emt 0:00:40]} Na4 {[%emt 0:00:49]} 34. Nb1 {[%emt 0:00:09]} Qc7 {[%emt 0:00:58]} 35. Rd3 {[%emt 0:00:00] normal} 0-1

[Event "DVM U20 2019"]
[Site "Braunschweig"]
[Date "2019.12.27"]
[Round "2"]
[White "Doll, Alexander"]
[Black "Thomsen, Phil"]
[Result "1-0"]
[WhiteElo "2127"]
[BlackElo "2147"]
[Annotator "NA"]
[PlyCount "77"]
[EventDate "2019.12.27"]
[EventType "team-tourn"]
[EventRounds "7"]
[EventCountry "GER"]
[SourceTitle "playchess.com"]
[Source "ChessBase"]
[SourceQuality "1"]
[WhiteTeam "OSG Baden-Baden"]
[BlackTeam "Sges Bensheim"]
[TimeControl "40/5400+30:1800+30"]

1. e4 {[%emt 0:00:00]} c5 {[%emt 0:00:00]} 2. Nf3 {[%emt 0:00:10]} Nc6 {[%emt 0:00:00]} 3. d4 {[%emt 0:00:21]} cxd4 {[%emt 0:00:00]} 4. Nxd4 {[%emt 0:00:04]} g6 {[%emt 0:00:04]} 5. c4 {[%emt 0:00:23]} Bg7 {[%emt 0:00:04]} 6. Be3 {[%emt 0:00:05]} Nf6 {[%emt 0:00:08]} 7. Nc3 {[%emt 0:00:04]} O-O {[%emt 0:00:09]} 8. Be2 {[%emt 0:00:24]} d6 {[%emt 0:00:05]} 9. O-O {[%emt 0:00:04]} Bd7 {[%emt 0:00:04]} 10. h3 {[%emt 0:00:06]} Nxd4 {[%emt 0:00:06]} 11. Bxd4 {[%emt 0:00:06]} Bc6 {[%emt 0:00:07]} 12. Qc2 {[%emt 0:00:14]} a5 {[%emt 0:00:47]} 13. Rad1 {[%emt 0:00:08]} Nd7 {[%emt 0:03:06]} 14. Bxg7 {[%emt 0:00:06]} Kxg7 {[%emt 0:00:04]} 15. Bg4 {[%emt 0:00:07]} Ra6 {[%emt 0:22:44]} 16. Bxd7 {[%emt 0:00:15]} Bxd7 {[%emt 0:01:06]} 17. a4 {[%emt 0:00:40]} Rc6 {[%emt 0:06:54]} 18. b3 {[%emt 0:01:44]} f6 19. Rd2 Rc5 {[%emt 0:16:43]} 20. Rfd1 {[%emt 0:10:44]} Qe8 {[%emt 0:03:43]} 21. f3 {[%emt 0:08:07]} Rg5 {[%emt 0:10:39]} 22. Rd5 {[%emt 0:01:23]} h6 {[%emt 0:06:53]} 23. Qf2 {[%emt 0:11:04]} Bc6 {[%emt 0:02:55]} 24. h4 {[%emt 0:06:06]} Re5 {[%emt 0:04:15]} 25. f4 {[%emt 0:19:09]} Rh5 {[%emt 0:01:48]} 26. Rxh5 {[%emt 0:01:48]} gxh5 {[%emt 0:00:06]} 27. f5 {[%emt 0:00:20]} Rg8 {[%emt 0:02:51]} 28. Rd3 {[%emt 0:02:28]} Kf7 {[%emt 0:03:16]} 29. Rg3 {[%emt 0:00:52]} Qd8 {[%emt 0:02:08]} 30. Rxg8 {[%emt 0:01:01]} Qxg8 {[%emt 0:01:37]} 31. Qf3 {[%emt 0:01:06]} Qg4 {[%emt 0:02:17]} 32. Qxg4 {[%emt 0:01:27]} hxg4 {[%emt 0:00:01]} 33. Kf2 {[%emt 0:00:37]} e5 34. h5 {[%emt 0:08:41]} Ke7 {[%emt 0:05:43]} 35. Kg3 {[%emt 0:00:10]} Kd8 {[%emt 0:00:33]} 36. Kxg4 {[%emt 0:00:15]} Kc7 {[%emt 0:01:00]} 37. Nd5+ {[%emt 0:00:59]} Bxd5 {[%emt 0:00:17]} 38. cxd5 {[%emt 0:00:58] normal} Kb6 {[%emt 0:00:19]} 39. Kf3 {[%emt 0:00:16] normal} 1-0

[Event "DVM U20 2019"]
[Site "Braunschweig"]
[Date "2019.12.27"]
[Round "2"]
[White "Melde, Benjamin"]
[Black "Hoffmann, Jens"]
[Result "1-0"]
[WhiteElo "2120"]
[BlackElo "2113"]
[Annotator "NA"]
[PlyCount "72"]
[EventDate "2019.12.27"]
[EventType "team-tourn"]
[EventRounds "7"]
[EventCountry "GER"]
[SourceTitle "playchess.com"]
[Source "ChessBase"]
[SourceQuality "1"]
[WhiteTeam "SK Turm Kleve"]
[BlackTeam "SF HN-Biberach"]
[TimeControl "40/5400+30:1800+30"]

1. c4 {[%emt 0:00:00]} e5 {[%emt 0:00:00]} 2. g3 {[%emt 0:00:00]} Nf6 {[%emt 0:00:00]} 3. Bg2 {[%emt 0:00:00]} d5 {[%emt 0:00:00]} 4. cxd5 {[%emt 0:00:00]} Nxd5 {[%emt 0:00:00]} 5. Nc3 {[%emt 0:00:03]} Nb6 {[%emt 0:00:03]} 6. Nf3 {[%emt 0:00:05]} Nc6 {[%emt 0:00:07]} 7. O-O {[%emt 0:00:05]} Be7 {[%emt 0:00:09]} 8. a3 {[%emt 0:00:04]} O-O {[%emt 0:01:05]} 9. b4 {[%emt 0:00:05]} a6 {[%emt 0:01:13]} 10. Bb2 {[%emt 0:02:06]} Nc4 {[%emt 0:04:27]} 11. Bc1 {[%emt 0:00:05]} Be6 {[%emt 0:03:03]} 12. d3 {[%emt 0:00:28]} Nd6 {[%emt 0:12:04]} 13. Bb2 {[%emt 0:00:29]} f6 {[%emt 0:12:39]} 14. Rc1 {[%emt 0:00:51]} Qd7 {[%emt 0:10:08]} 15. Na4 {[%emt 0:07:44]} Nf5 {[%emt 0:02:28]} 16. Nd2 {[%emt 0:02:18]} Nfd4 {[%emt 0:02:48]} 17. e3 {[%emt 0:04:49]} Nb5 {[%emt 0:04:02]} 18. Ne4 {[%emt 0:03:20]} Bd5 {[%emt 0:20:34]} 19. Nec5 {[%emt 0:11:17]} Bxc5 {[%emt 0:00:10]} 20. Nxc5 {[%emt 0:00:02]} Qf7 {[%emt 0:00:59]} 21. Nxb7 {[%emt 0:00:21]} Rfe8 {[%emt 0:06:13]} 22. Nc5 {[%emt 0:03:38]} Red8 {[%emt 0:03:51]} 23. Qc2 {[%emt 0:22:08]} a5 {[%emt 0:14:09]} 24. Nb7 {[%emt 0:12:08]} Rdb8 {[%emt 0:00:20]} 25. Bxd5 {[%emt 0:00:02]} Qxd5 {[%emt 0:00:12]} 26. Qxc6 {[%emt 0:00:02]} Qxc6 {[%emt 0:00:17]} 27. Rxc6 {[%emt 0:00:01]} Rxb7 {[%emt 0:00:09]} 28. a4 {[%emt 0:00:04]} Na7 {[%emt 0:00:39]} 29. Ra6 {[%emt 0:00:19]} axb4 {[%emt 0:01:55]} 30. d4 {[%emt 0:00:15]} Rab8 {[%emt 0:00:42]} 31. dxe5 {[%emt 0:00:38]} fxe5 {[%emt 0:00:16]} 32. Bxe5 {[%emt 0:00:01]} b3 {[%emt 0:00:43]} 33. Rb1 {[%emt 0:00:05]} Rd8 {[%emt 0:00:31]} 34. Bd4 {[%emt 0:04:59]} Nc8 {[%emt 0:00:02]} 35. Ra8 {[%emt 0:00:04]} Kf7 {[%emt 0:00:43]} 36. a5 {[%emt 0:00:05]} Rb5 {[%emt 0:00:42] normal} 1-0

[Event "DVM U20 2019"]
[Site "Braunschweig"]
[Date "2019.12.27"]
[Round "2"]
[White "Poghosyan, Tigran"]
[Black "Richter, Philipp"]
[Result "1/2-1/2"]
[WhiteElo "2109"]
[BlackElo "2084"]
[Annotator "NA"]
[PlyCount "48"]
[EventDate "2019.12.27"]
[EventType "team-tourn"]
[EventRounds "7"]
[EventCountry "GER"]
[SourceTitle "playchess.com"]
[Source "ChessBase"]
[SourceQuality "1"]
[WhiteTeam "Lübecker SV"]
[BlackTeam "USV TU Dresden"]
[TimeControl "40/5400+30:1800+30"]

1. e4 {[%emt 0:00:00]} e6 {[%emt 0:00:00]} 2. d4 {[%emt 0:00:00]} d5 3. Nd2 {[%emt 0:00:00]} Nf6 {[%emt 0:00:00]} 4. e5 {[%emt 0:00:00]} Nfd7 {[%emt 0:00:00]} 5. Bd3 {[%emt 0:00:00]} c5 {[%emt 0:00:00]} 6. c3 {[%emt 0:00:00]} Nc6 7. Ndf3 cxd4 {[%emt 0:00:16]} 8. cxd4 {[%emt 0:00:24]} f6 {[%emt 0:00:06]} 9. exf6 {[%emt 0:00:10]} Nxf6 {[%emt 0:00:05]} 10. Nh3 {[%emt 0:00:12]} Qa5+ {[%emt 0:00:05]} 11. Bd2 {[%emt 0:07:48]} Bb4 {[%emt 0:00:14]} 12. Bxb4 {[%emt 0:08:49]} Qxb4+ {[%emt 0:00:10]} 13. Qd2 {[%emt 0:00:19]} Qxd2+ {[%emt 0:00:08]} 14. Kxd2 {[%emt 0:00:02]} O-O {[%emt 0:00:14]} 15. Rhe1 {[%emt 0:11:12]} e5 {[%emt 0:00:09]} 16. Nxe5 {[%emt 0:03:03]} Bxh3 {[%emt 0:05:13]} 17. Nxc6 {[%emt 0:05:34]} bxc6 {[%emt 0:06:45]} 18. gxh3 {[%emt 0:00:27]} Nh5 {[%emt 0:02:50]} 19. Re5 {[%emt 0:06:39]} Rxf2+ {[%emt 0:18:34]} 20. Ke1 {[%emt 0:00:06]} Rxh2 {[%emt 0:00:13]} 21. Rxh5 {[%emt 0:00:04]} Rh1+ {[%emt 0:00:14]} 22. Bf1 {[%emt 0:00:02]} Rf8 {[%emt 0:00:13]} 23. Ke2 {[%emt 0:00:04]} Rh2+ {[%emt 0:00:06] normal} 24. Ke3 {[%emt 0:04:06]} Rh1 {[%emt 0:00:08] normal} 1/2-1/2